000 00654nam a2200217Ia 4500
999 _c4133
_d4133
003 OSt
005 20200403130259.0
008 191128s2013 ec a gr 001 0 spa d
020 _a9789942112873
040 _aCO-JMCR
_cCO-JMCR
041 0 _aspa
082 0 4 _a153.6 /
_bC139c
100 1 _aCajiao, Hernán J.,
_eautor
_92478
245 1 0 _aCambia tu lenguaje y empodera a tus hijos /
_cHernán J. Cajiao
260 _a[Ecuador] :
_bExcelencia,
_c2013
300 _a98 Páginas
300 _b Ilustraciones a blanco y negro ;
_c21 cm.
505 _aLenguajes limitantes -- Lenguaje empoderante
650 1 4 _aPadres y crianza
_92479
942 _2ddc
_cBK